000 00626nam a2200217 a 4500
005 20240912063848.0
008 140521s2004 mx r 000 0 spa d
020 _a9681671813
035 _aUPN01000197396
049 _aI
050 4 _aPZ76.3
_bV5.34
100 1 _aVicente, Marta
_935562
245 1 3 _aLa cajita /
_cMarta Vicente.
260 _aMéxico :
_bFCE,
_c2004.
300 _a[32] p. :
_bprincipalmente il. col.
440 0 _aLos especiales de A la orilla del viento
650 4 _aCuentos infantiles argentinos
_97466
650 0 _aPerros
_vCuentos y leyendas
_98586
905 _aInfantil
999 _c169497
_d169497